Most Common Words Ending in IST A-Z - Statistics

General Stats
  • This quiz has been taken 62 times
    58 since last reset
  • The average score is 7 of 25
Answer Stats
letter freq length word % Correct
L 312 4 list
90%
M 25 4 mist
88%
A 122 6 artist
67%
E 168 5 exist
62%
W 29 5 waist
60%
D 15 7 dentist
40%
I 83 6 insist
38%
R 55 6 resist
38%
Z 2 9 zoologist
29%
V 2 9 violinist vocalist
25%
J 46 10 journalist
23%
P 23 7 persist
23%
T 55 7 tourist
23%
X <1 11 xylophonist
23%
F 29 8 feminist
15%
O 5 8 organist
12%
S 93 10 specialist
12%
U 20 8 unionist
12%
B 3 8 botanist
10%
H 3 8 humanist
8%
N 24 11 nationalist
8%
C 76 7 consist
6%
G 14 9 guitarist
6%
Q <1 8 quietist quarterfinalist
4%
K <1 11 keyboardist kineticist
2%
No matching quizzes found
Score Distribution
Percent of People with Each Score
Percentile by Number Answered
Your Score History
You have not taken this quiz since the last reset